Normale Ansicht MARC-Ansicht ISBD

Rethinking Revolutions from 1905 To 1934 : (Titelsatznr. 73089)

[ MARC ]
MARC-Details
000 -Satzkennung
Kontrollfeld mit fester Länge 01872nam a22003973i 4500
001 - Kontrollnummer
Kontrollfeld EBC7157474
003 - Kontrollnummer Identifier
Kontrollfeld MiAaPQ
005 - Datum und Zeit der letzten Transaktion
Kontrollfeld 20251113125412.0
007 - Feld mit fester Länge zur physischen Beschreibung - Allgemeine Information
Kontrollfeld mit fester Länge cr cnu||||||||
008 - Feld mit fester Länge zur physischen Beschreibung - Allgemeine Angaben
Kontrollfeld mit fester Länge 251024s2022 xx o ||||0 eng d
020 ## - Internationale Standardbuchnummer
Internationale Standardbuchnummer 9783031044656
Nähere Angaben (electronic bk.)
020 ## - Internationale Standardbuchnummer
Gelöschte/ungültige ISBN 9783031044649
040 ## - Katalogisierungsquelle
Original-Katalogisierungsstelle MiAaPQ
Katalogisierungssprache eng
Übertragungsstelle MiAaPQ
100 1# - Haupteintragung - Personenname
Personenname Berger, Stefan.
Koha-Normdatenidentnummer 1695
245 10 - Titel
Titel Rethinking Revolutions from 1905 To 1934 :
Zusatz zum Titel Democracy, Social Justice and National Liberation Around the World.
250 ## - Ausgabebezeichnung
Ausgabebezeichnung 1st ed.
264 #1 - Produktion, Veröffentlichung, Distribution, Herstellung und Urheberrechtsvermerk
Herstellungs-, Veröffentlichungs- Vertriebs-, Erzeugungsort Cham :
Produzent, Herausgeber, Distributor, Hersteller Springer International Publishing AG,
Datum der Herstellung, der Veröffentlichung, des Vertriebs oder des Urheberschutzvermerks 2022.
264 #4 - Produktion, Veröffentlichung, Distribution, Herstellung und Urheberrechtsvermerk
Datum der Herstellung, der Veröffentlichung, des Vertriebs oder des Urheberschutzvermerks ©2023.
300 ## - Physische Beschreibung
Umfang 1 online resource (381 pages)
336 ## - Inhaltstyp
Inhaltstypterm Text
Inhaltstypcode txt
Quelle rdacontent
337 ## - Medientyp
Bezeichnung des Medientyps Computermedien
Medientypcode c
Quelle rdamedia
338 ## - Datenträgertyp
Datenträgertypbezeichnung Online Resource
Datenträgertypcode cr
Quelle rdacarrier
490 1# - Gesamttitelangabe
Gesamttitelangabe Palgrave Studies in the History of Social Movements Series
500 ## - Allgemeine Fußnote
Allgemeine Fußnote E-Book-ProQuest / Fernzugriff nach Registrierung möglich
520 ## - Fußnote zu Zusammenfassungen usw.
Fußnote zur Zusammenfassung usw. This edited collection offers a timely and original perspective on the many upheavals and revolutions that broke out across the world during the earlytwentieth century.With previous research tending to confine revolutions within national borders, this book sets out to place them within a broader global sphere of thought and action.
653 ## - Indexierungsterm - Nicht normiert
Nicht-normierter Term Revolutions-History-20th century.
655 ## - Indexierungsterm - Genre/Form
Genre/Form oder fokussierter Term Fernzugriff
Koha-Normdatenidentnummer 230
655 #4 - Indexierungsterm - Genre/Form
Genre/Form oder fokussierter Term
700 1# - Nebeneintragung - Personenname
Personenname Weinhauer, Klaus.
Koha-Normdatenidentnummer 908
776 08 - Andere physische Form
Verweisungsphrase Print version:
Haupteintragung Berger, Stefan
Titel Rethinking Revolutions from 1905 To 1934
Ort, Verlag und Erscheinungsjahr Cham : Springer International Publishing AG,c2022
Internationale Standardbuchnummer 9783031044649
830 #0 - Nebeneintragung unter dem Gesamttitel - Einheitstitel
Einheitstitel Palgrave Studies in the History of Social Movements Series
Koha-Normdatenidentnummer 67452
856 40 - Elektronische Adresse und Zugriff
URL <a href="https://ebookcentral.proquest.com/lib/maxweberstiftung-ebooks/detail.action?docID=7157474">https://ebookcentral.proquest.com/lib/maxweberstiftung-ebooks/detail.action?docID=7157474</a>
OPAC-Notiz Volltext
942 ## - Zusätzliche Felder (Koha)
Koha-Medientyp E-Books
Klassifikation oder Aufstellungssystematik Andere/Generische Klassifikation
Exemplare
Ausgeschieden Verloren Klassifikation oder Aufstellungssystematik Beschädigt Nicht entleihbar Heimatbibliothek Aufenthaltsbibliothek Aufstellungsort Erwerbungsdatum Inventarnummer Signatur Barcode Letzte Aktivität Preis gültig von Koha-Medientyp
    Andere/Generische Klassifikation     MWN Osteuropa MWN Osteuropa Online-Ressource 24/10/2025 25-e01109 E-25-e01109 76010 24/10/2025 24/10/2025 E-Books